<?xml version="1.0" encoding="UTF-8"?>
<record
    xmlns:xsi="http://www.w3.org/2001/XMLSchema-instance"
    xsi:schemaLocation="http://www.loc.gov/MARC21/slim http://www.loc.gov/standards/marcxml/schema/MARC21slim.xsd"
    xmlns="http://www.loc.gov/MARC21/slim">

  <leader>01229nam a22002537a 4500</leader>
  <controlfield tag="005">20170124102958.0</controlfield>
  <datafield tag="010" ind1=" " ind2=" ">
    <subfield code="a">B-179390</subfield>
  </datafield>
  <datafield tag="020" ind1=" " ind2=" ">
    <subfield code="c">300.00</subfield>
  </datafield>
  <datafield tag="035" ind1=" " ind2=" ">
    <subfield code="a">B-179390</subfield>
  </datafield>
  <datafield tag="037" ind1=" " ind2=" ">
    <subfield code="b">Cen Lib/Ret</subfield>
  </datafield>
  <datafield tag="040" ind1=" " ind2=" ">
    <subfield code="a">DPL</subfield>
    <subfield code="b">HN</subfield>
  </datafield>
  <datafield tag="082" ind1=" " ind2=" ">
    <subfield code="a">821</subfield>
    <subfield code="b">&#x936;&#x947;&#x935;&#x921;&#x93C;&#x947;</subfield>
  </datafield>
  <datafield tag="100" ind1=" " ind2=" ">
    <subfield code="a">&#x936;&#x947;&#x935;&#x921;&#x93C;&#x947;, &#x917;&#x94B;&#x92A;&#x93E;&#x932; &#x915;&#x943;&#x937;&#x94D;&#x923; </subfield>
    <subfield code="9">118453</subfield>
  </datafield>
  <datafield tag="245" ind1=" " ind2=" ">
    <subfield code="a">&#x92C;&#x943;&#x939;&#x926; &#x905;&#x902;&#x917;&#x94D;&#x930;&#x947;&#x91C;&#x940;-&#x939;&#x93F;&#x928;&#x94D;&#x926;&#x940; &#x91C;&#x940;&#x935; &#x935;&#x93F;&#x91C;&#x94D;&#x91E;&#x93E;&#x928; &#x936;&#x92C;&#x94D;&#x926;&#x915;&#x94B;&#x936; /</subfield>
    <subfield code="c">&#x917;&#x94B;&#x92A;&#x93E;&#x932; &#x915;&#x943;&#x937;&#x94D;&#x923; &#x936;&#x947;&#x935;&#x921;&#x93C;&#x947;</subfield>
  </datafield>
  <datafield tag="246" ind1=" " ind2=" ">
    <subfield code="a">Brihad angrezi-hindi : jeev vigyan shabdkosh /</subfield>
    <subfield code="b">by Gopal Krishn Shevre</subfield>
  </datafield>
  <datafield tag="260" ind1=" " ind2=" ">
    <subfield code="a">&#x926;&#x93F;&#x932;&#x94D;&#x932;&#x940; </subfield>
    <subfield code="b">&#x921;&#x93F;&#x938;&#x94D;&#x915;&#x935;&#x930;&#x940; &#x92C;&#x941;&#x915; &#x938;&#x947;&#x902;&#x91F;&#x930; </subfield>
    <subfield code="c">2004</subfield>
  </datafield>
  <datafield tag="270" ind1=" " ind2=" ">
    <subfield code="b">&#x926;&#x93F;&#x932;&#x94D;&#x932;&#x940; </subfield>
    <subfield code="a">33 &#x90F;, &#x928;&#x908; &#x938;&#x92C;&#x94D;&#x91C;&#x940; &#x92E;&#x902;&#x921;&#x940;, &#x906;&#x91C;&#x93E;&#x926;&#x92A;&#x941;&#x930; </subfield>
    <subfield code="e">110033</subfield>
  </datafield>
  <datafield tag="300" ind1=" " ind2=" ">
    <subfield code="a">288&#x92A;&#x943;. :</subfield>
    <subfield code="c">21&#x938;&#x947;&#x92E;&#x940; (&#x938;&#x91C;&#x93F;&#x932;&#x94D;&#x926;)</subfield>
    <subfield code="b">&#x938;&#x91A;&#x93F;&#x924;&#x94D;&#x930; </subfield>
  </datafield>
  <datafield tag="650" ind1=" " ind2=" ">
    <subfield code="a">&#x939;&#x93F;&#x928;&#x94D;&#x926;&#x940; -- &#x938;&#x93E;&#x939;&#x93F;&#x924;&#x94D;&#x92F; </subfield>
    <subfield code="9">118454</subfield>
  </datafield>
  <datafield tag="650" ind1=" " ind2=" ">
    <subfield code="a">&#x939;&#x93F;&#x928;&#x94D;&#x926;&#x940; -- &#x936;&#x92C;&#x94D;&#x926;&#x915;&#x94B;&#x936; -- &#x91C;&#x940;&#x935; &#x935;&#x93F;&#x91C;&#x94D;&#x91E;&#x93E;&#x928; </subfield>
    <subfield code="9">53896</subfield>
  </datafield>
  <datafield tag="650" ind1=" " ind2=" ">
    <subfield code="a">Hindi -- Literature</subfield>
    <subfield code="9">118455</subfield>
  </datafield>
  <datafield tag="650" ind1=" " ind2=" ">
    <subfield code="a">Hindi - Dictionary - biology</subfield>
    <subfield code="9">53898</subfield>
  </datafield>
  <datafield tag="942" ind1=" " ind2=" ">
    <subfield code="2">ddc</subfield>
    <subfield code="c">HN</subfield>
    <subfield code="h">821</subfield>
    <subfield code="m">&#x936;&#x947;&#x935;&#x921;&#x93C;&#x947;</subfield>
  </datafield>
  <datafield tag="999" ind1=" " ind2=" ">
    <subfield code="c">113800</subfield>
    <subfield code="d">113800</subfield>
  </datafield>
  <datafield tag="952" ind1=" " ind2=" ">
    <subfield code="0">0</subfield>
    <subfield code="1">0</subfield>
    <subfield code="4">0</subfield>
    <subfield code="7">0</subfield>
    <subfield code="a">L</subfield>
    <subfield code="b">L</subfield>
    <subfield code="d">2015-08-13</subfield>
    <subfield code="e">Cen Lib/Ret</subfield>
    <subfield code="g">300.00</subfield>
    <subfield code="l">0</subfield>
    <subfield code="o">821 &#x936;&#x947;&#x935;&#x921;&#x93C;&#x947;</subfield>
    <subfield code="p">B-179390</subfield>
    <subfield code="r">2015-08-13 00:00:00</subfield>
    <subfield code="t">1</subfield>
    <subfield code="v">300.00</subfield>
    <subfield code="w">2015-08-13</subfield>
    <subfield code="y">HN</subfield>
  </datafield>
</record>
